Social Reality of the North East Migrants (Record no. 19577)

MARC details
000 -LEADER
fixed length control field 00416nam a2200145 a 4500
082 00 - DEWEY DECIMAL CLASSIFICATION NUMBER
Classification number 954.61 YEP
100 ## - MAIN ENTRY--AUTHOR NAME
Author name Rajkumar, Vincent
245 ## - TITLE STATEMENT
Title Social Reality of the North East Migrants
260 ## - PUBLICATION, DISTRIBUTION, ETC. (IMPRINT)
Place of publication Bangalore
Name of publisher Christian Instt. for the Study of Religion
Year of publication 2014
300 ## - PHYSICAL DESCRIPTION
Number of Pages 145p
500 ## - GENERAL NOTE
General note includes index and biblioraphy
505 2# - FORMATTED CONTENTS NOTE
Formatted contents note Bibliography
650 ## - SUBJECT ADDED ENTRY--TOPICAL TERM
Topical Term Northeast-India Social Problem
942 ## - ADDED ENTRY ELEMENTS (KOHA)
Koha item type Books
Holdings
Home library Current library Date acquired Cost, normal purchase price Full call number Accession Number Koha item type
Henry Martyn Institute Library Henry Martyn Institute Library 01/01/2005 150.00 954.61 YEP C1 11002751 Books
                   Copyright © 2026 | Henry Martyn Institute | Hyderabad | TS-500052 | INDIA | Implemented by hmi.edu.in
Hit-Count:

Powered by Koha